000
00275nam a2200133Ia 4500
100
_a
Davignon/B.
942
_c
BK
654
_a
Unix programming
245
_a
Unix C Programming
260
_b
Galgotia
_a
New Delhi
_c
1993
300
_a
429
546
_a
ENGLISH
999
_c
33217
_d
33217